[Event "Titled Tuesday intern op 15th Nov Late"]
[Site "Chess.com INT"]
[Date "2022.11.15"]
[Round "3"]
[White "He, Daniel Ming"]
[Black "Alexikov, Alexander"]
[Result "1-0"]
[WhiteElo "2134"]
[BlackElo "2223"]
[PlyCount "57"]
[EventDate "2022.11.15"]
[EventType "swiss (blitz)"]
[EventRounds "11"]
[EventCountry "USA"]
[SourceTitle "CBM 211 Extra"]
[Source "ChessBase"]
[SourceDate "2023.01.31"]
[SourceVersion "1"]
[SourceVersionDate "2023.01.31"]
[SourceQuality "1"]

1. c4 Nf6 2. Nc3 g6 3. e4 Bg7 4. g3 d6 5. Bg2 0-0 6. Nge2 c5 7. 0-0 Nc6 8. d3 a6 9. h3 Rb8 10. a4 b6 11. f4 Bb7 12. Be3 e6 13. d4 cxd4 14. Nxd4 Qc7 15. Nde2 Rfd8 16. Rc1 Ba8 17. b3 Nb4 18. Qd2 Qe7 19. g4 d5 20. cxd5 exd5 21. e5 Ne4 22. Qd1 Nc5 23. Nd4 Rbc8 24. Nce2 f6 25. Qd2 fxe5 26. fxe5 Nbd3 27. Rcd1 Qxe5 28. b4 Nxb4 29. Bf4 1-0

[Event "Titled Tuesday intern op 15th Nov Late"]
[Site "Chess.com INT"]
[Date "2022.11.15"]
[Round "10"]
[White "He, Daniel Ming"]
[Black "Har Zvi, Ronen"]
[Result "0-1"]
[WhiteElo "2134"]
[BlackElo "2513"]
[PlyCount "82"]
[EventDate "2022.11.15"]
[EventType "swiss (blitz)"]
[EventRounds "11"]
[EventCountry "USA"]
[SourceTitle "CBM 211 Extra"]
[Source "ChessBase"]
[SourceDate "2023.01.31"]
[SourceVersion "1"]
[SourceVersionDate "2023.01.31"]
[SourceQuality "1"]

1. c4 c5 2. g3 Nc6 3. Bg2 g6 4. Nc3 Bg7 5. d3 e6 6. h4 h6 7. h5 g5 8. f4 gxf4 9. gxf4 Nge7 10. Nf3 Rg8 11. Rg1 Nf5 12. e3 Nh4 13. Nxh4 Qxh4+ 14. Kf1 Bxc3 15. bxc3 b6 16. Rh1 Qf6 17. Bd2 Bb7 18. e4 0-0-0 19. Qe1 Ne7 20. Qh4 Qg7 21. Rh2 f5 22. a4 fxe4 23. dxe4 d5 24. cxd5 exd5 25. e5 d4 26. Bxb7+ Kxb7 27. Qf2 dxc3 28. Bxc3 Nf5 29. Rh3 Ng3+ 30. Ke1 Qg4 31. Qg2+ Kb8 32. a5 Rd3 33. Bd2 b5 34. a6 Qd7 35. Rb1 b4 36. Kd1 Rd8 37. Rb2 Ne4 38. Qxe4 Rxd2+ 39. Kc1 Rd1+ 40. Kc2 Qa4+ 41. Rbb3 R8d2# 0-1

[Event "Titled Tuesday intern op 15th Nov Late"]
[Site "Chess.com INT"]
[Date "2022.11.15"]
[Round "5"]
[White "Rasulov, Vugar Ural Oglu"]
[Black "He, Daniel Ming"]
[Result "0-1"]
[WhiteElo "2525"]
[BlackElo "2134"]
[PlyCount "80"]
[EventDate "2022.11.15"]
[EventType "swiss (blitz)"]
[EventRounds "11"]
[EventCountry "USA"]
[SourceTitle "CBM 211 Extra"]
[Source "ChessBase"]
[SourceDate "2023.01.31"]
[SourceVersion "1"]
[SourceVersionDate "2023.01.31"]
[SourceQuality "1"]

1. e4 c5 2. Nf3 e6 3. g3 Nc6 4. Bg2 Nf6 5. Qe2 d6 6. 0-0 Be7 7. Rd1 0-0 8. d4 cxd4 9. Nxd4 Bd7 10. c4 Qc7 11. Nb5 Qb8 12. N1c3 a6 13. Nd4 Qc7 14. b3 Rfe8 15. Bb2 Bf8 16. Rac1 Ne5 17. f4 Ng6 18. h4 h5 19. Nf3 Ng4 20. Nh2 Qc5+ 21. Kf1 Nxh2+ 22. Ke1 Ng4 23. e5 Bc6 24. Bxc6 Qxc6 25. exd6 Bxd6 26. Ne4 Bb4+ 27. Kf1 f5 28. Nf2 Rad8 29. Nxg4 hxg4 30. Kg1 Bc5+ 31. Kh2 Kf7 32. Bc3 Qe4 33. Qf1 Rh8 34. Rxd8 Rxd8 35. b4 Be3 36. Re1 Rd3 37. h5 Nxf4 38. gxf4 Bxf4+ 39. Kg1 Rg3+ 40. Kf2 Qf3# 0-1

[Event "Titled Tuesday intern op 08th Nov Late"]
[Site "Chess.com INT"]
[Date "2022.11.08"]
[Round "3"]
[White "Swiercz, Dariusz"]
[Black "He, Daniel Ming"]
[Result "1-0"]
[WhiteElo "2646"]
[BlackElo "2134"]
[PlyCount "65"]
[EventDate "2022.11.08"]
[EventType "swiss (blitz)"]
[EventRounds "11"]
[EventCountry "USA"]
[SourceTitle "EXT 2024"]
[Source "ChessBase"]
[SourceDate "2023.10.10"]
[SourceVersion "1"]
[SourceVersionDate "2023.10.10"]
[SourceQuality "1"]

1. d4 Nf6 2. Bg5 e6 3. e4 h6 4. Bxf6 Qxf6 5. c3 d5 6. Nd2 Qd8 7. Ngf3 Be7 8. Bd3 0-0 9. Qe2 c5 10. 0-0 Nc6 11. dxc5 Bxc5 12. Rad1 Qf6 13. e5 Qe7 14. Nb3 Bb6 15. Rfe1 Bd7 16. Nbd4 a6 17. Bb1 Rae8 18. Qd3 f5 19. exf6 Qxf6 20. Nxc6 Bxc6 21. Qh7+ Kf7 22. Bg6+ Ke7 23. Bxe8 Kxe8 24. Qc2 g5 25. Nd4 e5 26. Qe2 e4 27. Rf1 Bd7 28. f3 Qe5 29. fxe4 dxe4 30. Qh5+ Ke7 31. Rxf8 Kxf8 32. Qxh6+ Ke7 33. Qxb6 1-0

[Event "PNWCC Online Blitz JP 23"]
[Site "Chess.com INT"]
[Date "2021.04.11"]
[Round "3"]
[White "Bian, Erin"]
[Black "He, Daniel Ming"]
[Result "1-0"]
[WhiteElo "1485"]
[BlackElo "2134"]
[PlyCount "145"]
[EventDate "2021.04.11"]
[EventType "swiss (blitz)"]
[EventRounds "12"]
[EventCountry "USA"]
[SourceTitle "CBM 201 Extra"]
[Source "ChessBase"]
[SourceDate "2021.05.31"]
[SourceVersion "1"]
[SourceVersionDate "2021.05.31"]
[SourceQuality "1"]

1. e4 c5 2. Nf3 e6 3. d4 cxd4 4. Nxd4 a6 5. Bd3 Bc5 6. Nb3 Be7 7. Qg4 g6 8. Qe2 d6 9. 0-0 Nd7 10. c4 b6 11. Nc3 Bb7 12. Be3 Ngf6 13. f4 h5 14. f5 gxf5 15. exf5 e5 16. Nd2 Rg8 17. Nde4 Qc7 18. Rad1 Rc8 19. b3 Nc5 20. Bxc5 bxc5 21. Nxf6+ Bxf6 22. Be4 Bxe4 23. Nxe4 Be7 24. f6 Bf8 25. Qd3 Rd8 26. Qd5 Qd7 27. Rfe1 Qg4 28. Nxc5 Bh6 29. Nb7 Rd7 30. Na5 Rg6 31. Nc6 Rxf6 32. Rf1 Rg6 33. Nb4 Be3+ 34. Kh1 Bc5 35. Nxa6 Bd4 36. Nb8 Rd8 37. Nc6 Rd7 38. Nxd4 exd4 39. Rxd4 Qg5 40. Re1+ Kf8 41. Qxg5 Rxg5 42. Red1 Ke7 43. Re4+ Kd8 44. Kg1 Kc7 45. Kf2 Rf5+ 46. Ke3 Ra5 47. a4 Kc6 48. Rf4 Rb7 49. Rd3 Re5+ 50. Kf3 f5 51. Rfd4 Re6 52. Kf4 Rg7 53. g3 Rf6 54. b4 Rg4+ 55. Kf3 Rg8 56. a5 Rb8 57. Rb3 Re6 58. Rd5 Re4 59. Rxf5 Rxc4 60. b5+ Kd7 61. Rf7+ Ke6 62. Rh7 Rf8+ 63. Kg2 Rc2+ 64. Kh3 Rff2 65. Kh4 Rxh2+ 66. Kg5 Rc5+ 67. Kg6 Ra2 68. a6 Rc8 69. Rxh5 Rg8+ 70. Kh6 Rf2 71. b6 Kf6 72. Kh7 Rg7+ 73. Kh8 1-0

[Event "PNWCC Online Blitz JP 23"]
[Site "Chess.com INT"]
[Date "2021.04.11"]
[Round "11"]
[White "He, Daniel Ming"]
[Black "Marchesich, Giovanni"]
[Result "1/2-1/2"]
[WhiteElo "2134"]
[BlackElo "2128"]
[PlyCount "49"]
[EventDate "2021.04.11"]
[EventType "swiss (blitz)"]
[EventRounds "12"]
[EventCountry "USA"]
[SourceTitle "CBM 201 Extra"]
[Source "ChessBase"]
[SourceDate "2021.05.31"]
[SourceVersion "1"]
[SourceVersionDate "2021.05.31"]
[SourceQuality "1"]

1. c4 Nf6 2. Nc3 g6 3. g3 Bg7 4. Bg2 0-0 5. e4 c5 6. Nge2 Nc6 7. 0-0 d6 8. d3 a6 9. h3 Rb8 10. a4 Ne8 11. Be3 b5 12. cxb5 axb5 13. Nxb5 Nc7 14. Nec3 Ba6 15. f4 Nxb5 16. axb5 Bxb5 17. e5 Nd4 18. Bxd4 cxd4 19. Nxb5 Rxb5 20. exd6 Rxb2 21. dxe7 Qxe7 22. Qf3 Qe3+ 23. Kh1 Qxf3 24. Bxf3 Re8 25. Rab1 1/2-1/2

[Event "PNWCC Online Blitz JP 23"]
[Site "Chess.com INT"]
[Date "2021.04.11"]
[Round "8"]
[White "He, Daniel Ming"]
[Black "Ter Sahakyan, Samvel"]
[Result "0-1"]
[WhiteElo "2134"]
[BlackElo "2645"]
[PlyCount "64"]
[EventDate "2021.04.11"]
[EventType "swiss (blitz)"]
[EventRounds "12"]
[EventCountry "USA"]
[SourceTitle "CBM 201 Extra"]
[Source "ChessBase"]
[SourceDate "2021.05.31"]
[SourceVersion "1"]
[SourceVersionDate "2021.05.31"]
[SourceQuality "1"]

1. c4 Nf6 2. Nc3 e5 3. Nf3 Nc6 4. e3 d5 5. cxd5 Nxd5 6. Qc2 Nxc3 7. dxc3 Bd6 8. e4 0-0 9. Be3 a5 10. a4 Kh8 11. Bc4 f5 12. h4 f4 13. Bd2 Qe8 14. h5 h6 15. 0-0-0 Rf6 16. Nh4 Ne7 17. g3 fxg3 18. fxg3 Bg4 19. Rdg1 Qd7 20. Be3 Raf8 21. Bb5 c6 22. Be2 b5 23. Rd1 bxa4 24. Bc5 Bxe2 25. Qxe2 Qc7 26. Bxd6 Rxd6 27. Rxd6 Qxd6 28. Rd1 Qc5 29. Rd7 a3 30. Rxe7 a2 31. Ng6+ Kg8 32. Rxg7+ Kxg7 0-1

[Event "Titled Tuesday intern op 23rd Mar"]
[Site "Chess.com INT"]
[Date "2021.03.23"]
[Round "5"]
[White "He, Daniel Ming"]
[Black "Koellner, Ruben Gideon"]
[Result "1-0"]
[WhiteElo "2134"]
[BlackElo "2412"]
[PlyCount "83"]
[EventDate "2021.03.23"]
[EventType "swiss (blitz)"]
[EventRounds "11"]
[EventCountry "USA"]
[SourceTitle "CBM 201 Extra"]
[Source "ChessBase"]
[SourceDate "2021.05.31"]
[SourceVersion "1"]
[SourceVersionDate "2021.05.31"]
[SourceQuality "1"]

1. c4 d6 2. Nc3 e5 3. g3 g6 4. Bg2 Bg7 5. e4 Nc6 6. Nge2 Nd4 7. 0-0 Ne7 8. d3 0-0 9. Nxd4 exd4 10. Ne2 c5 11. Rb1 a5 12. a3 Nc6 13. Bd2 a4 14. b4 axb3 15. Rxb3 Qc7 16. Nf4 Be6 17. Nxe6 fxe6 18. f4 Ra7 19. Qg4 Qd7 20. Rfb1 Rfa8 21. h4 Nd8 22. Bc1 Qf7 23. Bf3 h6 24. Kg2 Kh7 25. Qh3 Bf6 26. Rb6 Ra6 27. h5 g5 28. R6b3 Qe7 29. Kh2 Kg7 30. e5 dxe5 31. Rxb7 Nxb7 32. Rxb7 R8a7 33. Rxe7+ Rxe7 34. fxg5 Bxg5 35. Bxg5 hxg5 36. h6+ Kh8 37. Qh5 Rxa3 38. Qxg5 Rf7 39. Qd8+ Kh7 40. Be4+ Kxh6 41. Qh8+ Kg5 42. Qh4# 1-0

[Event "Titled Tuesday intern op 02nd Feb"]
[Site "Chess.com INT"]
[Date "2021.02.02"]
[Round "1"]
[White "Fominykh, Maria"]
[Black "He, Daniel Ming"]
[Result "0-1"]
[WhiteElo "2206"]
[BlackElo "2134"]
[PlyCount "52"]
[EventDate "2021.02.02"]
[EventType "swiss (blitz)"]
[EventRounds "11"]
[EventCountry "USA"]
[SourceTitle "CBM 200 Extra"]
[Source "ChessBase"]
[SourceDate "2021.03.31"]
[SourceVersion "1"]
[SourceVersionDate "2021.03.31"]
[SourceQuality "1"]

1. d4 Nf6 2. c4 d6 3. Nf3 Nbd7 4. Nc3 e5 5. d5 e4 6. Nd4 a5 7. g3 Nc5 8. Bg2 h5 9. Bg5 Be7 10. Bxf6 Bxf6 11. Nxe4 Nxe4 12. Bxe4 h4 13. Qd3 Qe7 14. 0-0-0 a4 15. Nb5 Kd8 16. f4 Re8 17. Bf3 Bd7 18. e4 g5 19. e5 Bg7 20. exd6 cxd6 21. Kb1 Qf6 22. Qd2 Bf5+ 23. Ka1 a3 24. Nd4 g4 25. Bg2 h3 26. Bf1 Re4 0-1

[Event "Titled Tuesday intern op 02nd Feb"]
[Site "Chess.com INT"]
[Date "2021.02.02"]
[Round "2"]
[White "He, Daniel Ming"]
[Black "Sviridov, Valery"]
[Result "1-0"]
[WhiteElo "2134"]
[BlackElo "2562"]
[PlyCount "55"]
[EventDate "2021.02.02"]
[EventType "swiss (blitz)"]
[EventRounds "11"]
[EventCountry "USA"]
[SourceTitle "CBM 200 Extra"]
[Source "ChessBase"]
[SourceDate "2021.03.31"]
[SourceVersion "1"]
[SourceVersionDate "2021.03.31"]
[SourceQuality "1"]

1. c4 g6 2. g3 Bg7 3. Bg2 c5 4. Nc3 Nc6 5. d3 e6 6. h4 h6 7. h5 g5 8. f4 gxf4 9. Bxf4 d6 10. Nf3 Nge7 11. Qd2 a6 12. 0-0-0 b5 13. Rdf1 e5 14. Be3 Be6 15. b3 Qd7 16. Nh4 d5 17. Bxc5 Rc8 18. cxd5 Nxd5 19. Ne4 Nce7 20. Kb1 0-0 21. Rc1 f5 22. Nf2 b4 23. Bxb4 Nxb4 24. Qxb4 Nd5 25. Bxd5 Bxd5 26. e4 fxe4 27. Nxe4 Qg4 28. Nf6+ 1-0

[Event "Seattle Classic op"]
[Site "Seattle"]
[Date "2017.08.17"]
[Round "3"]
[White "Zhang, Derek"]
[Black "He, Daniel Ming"]
[Result "1/2-1/2"]
[WhiteElo "1981"]
[BlackElo "2089"]
[PlyCount "46"]
[EventDate "2017.08.16"]
[EventType "swiss"]
[EventRounds "9"]
[EventCountry "USA"]
[SourceTitle "EXT 2023"]
[Source "ChessBase"]
[SourceDate "2022.10.05"]
[SourceVersion "1"]
[SourceVersionDate "2022.10.05"]
[SourceQuality "1"]

1. Nf3 Nf6 2. c4 g6 3. Nc3 Bg7 4. e4 d6 5. d4 0-0 6. h3 e5 7. d5 Nh5 8. a3 f5 9. c5 h6 10. cxd6 cxd6 11. Be3 Nf6 12. Bd3 a6 13. b4 b6 14. Qc2 f4 15. Bd2 Nbd7 16. a4 Bb7 17. a5 b5 18. 0-0-0 Rf7 19. Kb1 Nf8 20. Qb3 Kh8 21. Ne2 Rc7 22. g3 g5 23. g4 N6h7 1/2-1/2

[Event "PRO League Pacific"]
[Site "Chess.com INT"]
[Date "2017.02.01"]
[Round "4"]
[White "He, Daniel Ming"]
[Black "Zierk, Steven C"]
[Result "1/2-1/2"]
[WhiteElo "2178"]
[BlackElo "2493"]
[PlyCount "65"]
[EventDate "2017.01.11"]
[EventType "team-swiss (rapid)"]
[EventRounds "7"]
[EventCountry "USA"]
[SourceTitle "CBM 176 Extra"]
[Source "ChessBase"]
[SourceDate "2017.03.02"]
[SourceVersion "1"]
[SourceVersionDate "2017.03.02"]
[SourceQuality "1"]
[WhiteTeam "Seattle Sluggers"]
[BlackTeam "San Francisco Mechanics"]
[WhiteTeamCountry "USA"]
[BlackTeamCountry "USA"]

1. e4 c5 2. Nf3 d6 3. d4 cxd4 4. Qxd4 Nc6 5. Bb5 Bd7 6. Bxc6 Bxc6 7. Bg5 Nf6 8. Nc3 e6 9. 0-0-0 Be7 10. Qd3 0-0 11. Kb1 Qa5 12. h4 Rfd8 13. Nd4 Rac8 14. f4 Qc7 15. f5 Qd7 16. Bxf6 Bxf6 17. g4 b5 18. fxe6 fxe6 19. Ndxb5 Bxb5 20. Nxb5 Bxb2 21. Kxb2 Rb8 22. a4 a6 23. c4 axb5 24. axb5 Qb7 25. Rhf1 d5 26. exd5 exd5 27. Rf5 d4 28. Qf3 Qe7 29. Rd5 Rf8 30. Rf5 Rfd8 31. Rd5 Rf8 32. Rf5 Rfd8 33. Rd5 1/2-1/2

[Event "PRO League Pacific"]
[Site "Chess.com INT"]
[Date "2017.02.01"]
[Round "4"]
[White "Wheeler, Cameron"]
[Black "He, Daniel Ming"]
[Result "1-0"]
[WhiteElo "2398"]
[BlackElo "2178"]
[PlyCount "107"]
[EventDate "2017.01.11"]
[EventType "team-swiss (rapid)"]
[EventRounds "7"]
[EventCountry "USA"]
[SourceTitle "CBM 176 Extra"]
[Source "ChessBase"]
[SourceDate "2017.03.02"]
[SourceVersion "1"]
[SourceVersionDate "2017.03.02"]
[SourceQuality "1"]
[WhiteTeam "San Francisco Mechanics"]
[BlackTeam "Seattle Sluggers"]
[WhiteTeamCountry "USA"]
[BlackTeamCountry "USA"]

1. d4 Nf6 2. c4 e6 3. Nf3 Bb4+ 4. Bd2 a5 5. g3 d6 6. Bg2 Nbd7 7. 0-0 e5 8. Bg5 exd4 9. Nxd4 h6 10. Bf4 0-0 11. a3 Bc5 12. Nc3 a4 13. b4 axb3 14. Nxb3 Rxa3 15. Nxc5 Rxa1 16. Qxa1 Nxc5 17. Rd1 Qe7 18. Qa7 Be6 19. Bxb7 Bxc4 20. Bf3 Rd8 21. Rd4 d5 22. Qxc7 Qxc7 23. Bxc7 Rd7 24. Be5 Nb3 25. Bxf6 gxf6 26. Nxd5 Nxd4 27. Nxf6+ Kg7 28. Nxd7 Bxe2 29. Bd5 Bf3 30. Bxf3 Nxf3+ 31. Kg2 Ne1+ 32. Kf1 Nf3 33. Ke2 Ng5 34. f4 Ne6 35. Kd3 Kg6 36. Ne5+ Kf6 37. Ke4 h5 38. Nd3 Ng7 39. Nc5 Kg6 40. Nd7 h4 41. Ne5+ Kf6 42. g4 Ke6 43. f5+ Ke7 44. h3 Ne8 45. Kf4 Nc7 46. Nf3 f6 47. Nxh4 Kf7 48. Ke4 Kg7 49. Nf3 Kh6 50. h4 Nb5 51. Kd5 Nc3+ 52. Ke6 Ne4 53. g5+ Kg7 54. Ke7 1-0

[Event "Vancouver Intermat"]
[Site "Vancouver"]
[Date "2016.05.14"]
[Round "2.24"]
[White "He, Daniel Ming"]
[Black "Doknjas, John"]
[Result "1-0"]
[WhiteElo "2324"]
[BlackElo "2239"]
[PlyCount "57"]
[EventDate "2016.05.14"]
[EventType "swiss"]
[EventRounds "2"]
[EventCountry "CAN"]
[SourceTitle "EXT 2022"]
[Source "ChessBase"]
[SourceDate "2021.10.06"]
[SourceVersion "1"]
[SourceVersionDate "2021.10.06"]
[SourceQuality "1"]

1. c4 c5 2. Nf3 Nc6 3. Nc3 g6 4. e3 Nf6 5. d4 cxd4 6. exd4 d5 7. cxd5 Nxd5 8. Qb3 e6 9. Bg5 Be7 10. Bxe7 Ncxe7 11. Bb5+ Kf8 12. 0-0 Kg7 13. Ne5 f6 14. Nf3 Bd7 15. Rfe1 Kf7 16. Bxd7 Qxd7 17. Ne4 Nc7 18. Neg5+ Kg7 19. Nxe6+ Nxe6 20. Rxe6 Nd5 21. Rae1 Rhd8 22. h4 Rac8 23. h5 Qc7 24. R6e4 b6 25. Nh4 Qc2 26. Qg3 g5 27. Nf5+ Kh8 28. Nd6 Rc7 29. h6 1-0

[Event "Washington State-ch"]
[Site "Redmond"]
[Date "2016.02.14"]
[Round "8"]
[White "He, Daniel Ming"]
[Black "Lee, Michael"]
[Result "0-1"]
[WhiteElo "2061"]
[BlackElo "2420"]
[PlyCount "109"]
[EventDate "2016.02.06"]
[EventType "tourn"]
[EventRounds "9"]
[EventCountry "USA"]
[SourceTitle "EXT 2018"]
[Source "ChessBase"]
[SourceDate "2017.10.13"]
[SourceVersion "1"]
[SourceVersionDate "2017.10.13"]
[SourceQuality "1"]

1. c4 c5 2. Nf3 g6 3. g3 Bg7 4. Bg2 Nc6 5. 0-0 e6 6. Nc3 Nge7 7. d4 cxd4 8. Nb5 d5 9. cxd5 Nxd5 10. Nbxd4 Nxd4 11. Nxd4 0-0 12. e4 Nb6 13. Nb5 Bd7 14. Qe2 Qe7 15. Nc3 Bxc3 16. bxc3 Rac8 17. Bh6 Rfd8 18. e5 Bc6 19. Bxc6 Rxc6 20. Rac1 Rdc8 21. Rfd1 Rxc3 22. Rxc3 Rxc3 23. Qd2 Nd5 24. Bg5 Qc5 25. Bh6 Rc2 26. Qf4 f5 27. Qf3 Qc3 28. Qxc3 Rxc3 29. Rc1 Rxc1+ 30. Bxc1 Kf7 31. Bd2 Ke7 32. Kf1 Kd7 33. Ke2 Kc6 34. Kd3 Kb5 35. Kd4 Ne7 36. f4 Nc6+ 37. Kc3 Kc5 38. a3 Kd5 39. Kd3 Nd4 40. Be3 Nc6 41. a4 b6 42. Bf2 h5 43. Be3 Nb4+ 44. Kc3 Na6 45. Bg1 Ke4 46. Kc4 Nc7 47. a5 bxa5 48. Bxa7 a4 49. Bc5 Kf3 50. Bd6 Nd5 51. Kd3 Kg2 52. Ke2 Kxh2 53. Kf3 Nc3 54. Bb4 Ne4 55. Be1 0-1

[Event "Washington State-ch"]
[Site "Redmond"]
[Date "2016.02.14"]
[Round "7"]
[White "Raptis, Nick"]
[Black "He, Daniel Ming"]
[Result "1-0"]
[WhiteElo "2240"]
[BlackElo "2061"]
[PlyCount "105"]
[EventDate "2016.02.06"]
[EventType "tourn"]
[EventRounds "9"]
[EventCountry "USA"]
[SourceTitle "EXT 2018"]
[Source "ChessBase"]
[SourceDate "2017.10.13"]
[SourceVersion "1"]
[SourceVersionDate "2017.10.13"]
[SourceQuality "1"]

1. d4 Nf6 2. Nf3 e6 3. g3 b5 4. Bg2 Bb7 5. Na3 b4 6. Nc4 Bd5 7. Ne3 Be4 8. 0-0 c5 9. c4 cxd4 10. Nxd4 Be7 11. b3 0-0 12. Bb2 Bxg2 13. Kxg2 d5 14. cxd5 Nxd5 15. Nxd5 Qxd5+ 16. Nf3 Qb7 17. Qd3 Rd8 18. Qe3 Nd7 19. Rfd1 Nf6 20. Rxd8+ Rxd8 21. Rc1 Nd5 22. Qe4 Qa6 23. Qc2 h6 24. Bd4 Nc3 25. Bxc3 bxc3 26. Qxc3 Qxa2 27. Rc2 Qa3 28. Rd2 Rxd2 29. Nxd2 Qb4 30. Qd3 Qb7+ 31. e4 Qc6 32. h3 Bc5 33. Nc4 Qc7 34. Qd2 Be7 35. Qd3 Qd8 36. Qxd8+ Bxd8 37. Kf3 Kf8 38. Ke3 Ke7 39. Kd4 Bb6+ 40. Nxb6 axb6 41. Kc4 Kd6 42. Kb5 Kc7 43. e5 Kb7 44. g4 Kc7 45. h4 Kb7 46. g5 h5 47. b4 Kc7 48. Ka6 Kc6 49. b5+ Kc5 50. f3 g6 51. f4 Kb4 52. Kxb6 Kc4 53. Kc6 1-0

[Event "Washington op"]
[Site "Lynnwood"]
[Date "2015.05.24"]
[Round "3"]
[White "Sohal, Tanraj"]
[Black "He, Daniel Ming"]
[Result "1-0"]
[WhiteElo "2251"]
[BlackElo "2183"]
[PlyCount "85"]
[EventDate "2015.05.23"]
[EventType "swiss"]
[EventRounds "6"]
[EventCountry "USA"]
[SourceTitle "EXT 2017"]
[Source "ChessBase"]
[SourceDate "2016.10.25"]
[SourceVersion "1"]
[SourceVersionDate "2016.10.25"]
[SourceQuality "1"]

1. d4 Nf6 2. c4 e6 3. Nf3 Bb4+ 4. Nbd2 b6 5. g3 Bb7 6. Bg2 0-0 7. 0-0 a5 8. a3 Bxd2 9. Qxd2 a4 10. Qc2 Be4 11. Qc3 d6 12. Bh3 Qe7 13. Nh4 Nc6 14. f3 Bg6 15. Nxg6 hxg6 16. Bg5 e5 17. e3 Qe8 18. d5 Na5 19. e4 Nb3 20. Rae1 Nc5 21. Qc2 Nh7 22. Bd2 Nb3 23. Bc3 c5 24. f4 Qe7 25. Qd3 Rfd8 26. Rf2 Nd4 27. Ref1 Rf8 28. Bg2 Nf6 29. h3 Nd7 30. f5 g5 31. Bf3 Nf6 32. Bd2 Nh7 33. Bd1 Rfb8 34. h4 Qf6 35. hxg5 Nxg5 36. Rh2 Qe7 37. Rh5 Nh7 38. g4 Nf6 39. Rh4 Qc7 40. g5 Nd7 41. f6 Nf8 42. Qh3 Ng6 43. Rh7 1-0

[Event "Washington State-ch"]
[Site "Seattle"]
[Date "2015.02.14"]
[Round "5"]
[White "He, Daniel Ming"]
[Black "Feng, Roland"]
[Result "1/2-1/2"]
[WhiteElo "2202"]
[BlackElo "2283"]
[PlyCount "90"]
[EventDate "2015.02.07"]
[EventType "tourn"]
[EventRounds "9"]
[EventCountry "USA"]
[SourceTitle "EXT 2017"]
[Source "ChessBase"]
[SourceDate "2016.10.25"]
[SourceVersion "1"]
[SourceVersionDate "2016.10.25"]
[SourceQuality "1"]

1. c4 e5 2. Nc3 Nf6 3. Nf3 Nc6 4. e3 d6 5. d4 e4 6. d5 exf3 7. dxc6 bxc6 8. Qxf3 Bb7 9. Be2 g6 10. e4 Nd7 11. h4 Bg7 12. Qg3 Qe7 13. Bg5 Bf6 14. 0-0-0 h6 15. Bxf6 Qxf6 16. f4 h5 17. Rhe1 0-0-0 18. Qe3 Kb8 19. g3 Rhe8 20. Bf3 Qe6 21. Qe2 f6 22. b3 Qg8 23. Qc2 Re7 24. Re2 Rde8 25. Rde1 Nc5 26. Qd2 Qh8 27. b4 Nd7 28. Qd3 Qg8 29. Rc2 f5 30. Rce2 c5 31. a3 Nb6 32. Nd5 Bxd5 33. cxd5 fxe4 34. Rxe4 Rxe4 35. Rxe4 c4 36. Qd4 Rxe4 37. Bxe4 Qe8 38. Kd2 Qa4 39. Qc3 Qb5 40. Qd4 a5 41. bxa5 Qxa5+ 42. Qc3 Qc5 43. Qe3 Qa5+ 44. Qc3 Qc5 45. Qe3 Qa5+ 1/2-1/2

[Event "Washington Class-ch Masters"]
[Site "Lynnwood"]
[Date "2014.11.29"]
[Round "4"]
[White "Feng, Roland"]
[Black "He, Daniel Ming"]
[Result "1-0"]
[WhiteElo "2139"]
[BlackElo "2178"]
[PlyCount "145"]
[EventDate "2014.11.28"]
[EventType "swiss"]
[EventRounds "6"]
[EventCountry "USA"]
[SourceTitle "EXT 2017"]
[Source "ChessBase"]
[SourceDate "2016.10.25"]
[SourceVersion "1"]
[SourceVersionDate "2016.10.25"]
[SourceQuality "1"]

1. d4 e6 2. c4 Bb4+ 3. Nc3 f5 4. Qc2 Nf6 5. a3 Bxc3+ 6. Qxc3 b6 7. f3 0-0 8. e3 Bb7 9. Be2 Qe7 10. b4 a5 11. b5 d6 12. Nh3 Nbd7 13. 0-0 e5 14. Re1 h6 15. Bd2 g5 16. Nf2 h5 17. Qc2 e4 18. d5 g4 19. f4 Nc5 20. Nd1 Bc8 21. Bc3 Kh7 22. Rb1 Rg8 23. Ba1 Bd7 24. Nc3 Raf8 25. Bf1 g3 26. h3 Ng4 27. Qd2 Qh4 28. Nd1 Rg6 29. Bd4 Nb7 30. Rb2 Nd8 31. Re2 Nh2 32. Qc3 Nf7 33. Rec2 Rfg8 34. c5 bxc5 35. Qxa5 Nxf1 36. Kxf1 cxd4 37. Rxc7 Bxb5+ 38. Rxb5 R6g7 39. Rbb7 Qf6 40. Qa7 Kg6 41. Qxd4 Ra8 42. Qxf6+ Kxf6 43. Re7 Rh7 44. Ra7 Rxa7 45. Rxa7 Rh8 46. Ke2 Rb8 47. Ra5 Nh8 48. Ra6 Nf7 49. Ra4 Rb3 50. Kd2 Rd3+ 51. Kc2 Rxd5 52. Rd4 Rc5+ 53. Nc3 Ke6 54. Kb3 Nd8 55. Rc4 Nb7 56. Rxc5 Nxc5+ 57. Kc2 h4 58. Nb5 Nd3 59. Nd4+ Kf6 60. Kd2 Nb2 61. Kc3 Nd1+ 62. Kd2 Nb2 63. Nc2 Ke6 64. Kc3 Nd3 65. Nd4+ Kf6 66. a4 Ke7 67. Nxf5+ Kd7 68. Nxh4 Kc6 69. Nf5 Ne1 70. Nxg3 Kd5 71. Nf5 Nxg2 72. Kd2 Ke6 73. a5 1-0